| 000 | 00684nam a2200229Ia 4500 | ||
|---|---|---|---|
| 003 | GCL | ||
| 008 | 140319s9999 xx 000 0 ara d | ||
| 040 |
_aGCL / _cGCL |
||
| 082 | 0 | 4 |
_a519.5 _bم ا |
| 100 | 1 | _aمحمد ابويوسف | |
| 245 | 1 | 0 |
_aالاحصاء فى البحوث العلمية / _cمحمد ابويوسف |
| 260 |
_a[S.N] : _bالمكتبة الاكاديمية |
||
| 300 | _a643 ص | ||
| 490 | _a | ||
| 650 | 0 | 4 | _aالرياضيات |
| 650 | 0 | 4 | _aالاحصاء |
| 650 | 0 | 4 | _aالاحصاء الرياضى |
| 650 | 0 | 4 | _aالاحصاء التحليلى |
| 650 | 0 | 4 | _aالاحصاء التطبيقى |
| 650 | 0 | 4 | _aالاحتمالات |
| 942 |
_2ddc _cBK |
||
| 999 |
_c58937 _d58937 |
||